00492caa a22001572a 4500001000900000003001100009008004300020092001800063100002600081245001600107300001500123500006700138942000900205999001700214773010300231 015616 AR-FADEU 311216n########xxu####################dd a861.3bP745pe aBalbuena, Bernardo de aEl Bernardo aPP. 79-110 aEn: Poesía épica de la edad de oro / Zaragoza : Ebro, 1961 cBDGR c21374d213740 021372921088ab2a. eddZaragozao8374tPOESIA épica de la edad de orow( AR-FADEU) 015614xz